Transformar el mundo. Revoluciones burguesas y revolución social

Guardado en:
Detalles Bibliográficos
Autor principal: Davidson, Neil (Autor)
Formato: Libro
Lenguaje:español
Publicado: Barcelona, España Pasado y Presente 2013
Materias:
Etiquetas: Agregar Etiqueta
Sin Etiquetas, Sea el primero en etiquetar este registro!

MARC

LEADER 00000cam a2200000 a 4500
001 UCC3061
003 CL-VaPUC
005 20220118074221.0
008 180413e20130000sp |||||||||||||||||spa|d
999 |c 370920  |d 370918 
020 |a 9788494100840 
040 |c Pontificia Universidad Católica de Valparaíso 
082 0 4 |a 303.6409 DAV 2013  |2 21 
100 0 |a Davidson, Neil  |e author  |9 597111 
245 1 0 |a Transformar el mundo.  |b Revoluciones burguesas y revolución social 
260 |a Barcelona, España   |b Pasado y Presente   |c 2013 
300 |a 956 páginas  
500 |a c.2 Donación VRA-N.Vásquez L.  
583 |a last modification  |c 20180413 15:45:00  |k Rodrigo Vera 
650 7 |a REVOLUCION BURGUESA  |2 CL-VaPUC  |9 442539 
650 7 |a REVOLUCION SOCIAL  |2 CL-VaPUC  |9 368853 
650 0 |a Historiografía   |9 257871 
650 0 |a Socialismo  |9 255260 
942 |c BK  |2 ddc 
945 |d 20180413 15:45:00  |a dcastane 
952 |0 0  |1 0  |3 erd  |4 0  |6 303_640900000000000_DAV_2013  |7 0  |8 A  |9 487691  |a BIBHIS  |b BIBHIS  |i 5464137  |o 303.6409 DAV 2013  |p 5464137  |r 2025-01-20  |w 2019-11-24  |y BK  |z Catalogado en:20180413  |k HIS 
952 |0 0  |1 0  |2 ddc  |4 0  |6 303_640900000000000_DAV_2013  |7 0  |8 A  |9 577799  |a BIBHIS  |b BIBHIS  |d 2021-05-18  |i 5621240  |o 303.6409 DAV 2013  |p 5621240  |r 2025-01-20  |t 2  |w 2021-05-18  |y BK  |k HIS